000 00947nam a22003017a 4500
001 BR7806823
003 BR-BrBNA
005 20230928085757.0
007 ta
008 230509b bl.||||| |||| 00| 0 por d
040 _aBR-BrBNA
_bpor
_cBiblioteca Nacional de Agricultura
041 _a(Por)
072 _aM10
_b8310
_b/G514
090 _ 8310 BR7806823
100 1 _aAmado, M.A.P. da M.
110 1 _aUniversidade Federal do Parana, Curitiba (Brasil)
_0Tese (Mestrado)
245 1 _aEstudo biologico do Xiphopenaues Kroyeri (Heller, 1862)camarao "sete barbas" (crustacea, panaeidae)de Matinhos, Parana [Brasil]
260 3 _aCuritiba, PR (Brasil):
_c1978.
300 _a94 p.
500 _aSummaries (Eng, Por); Bibliography p. 86-94 (75 ref.)
650 _aCAMARAO SETE BARBAS
650 _aCRUSTACEO
650 _aBIOLOGIA
650 _aHISTOLOGIA
650 _aPARANA
909 _a202309
_bLucia
_c55
_dLucia Elande
942 _cBK
999 _c26276
_d26276